000 00430nmm a2200145Ia 4500
008 251105s9999||||xx |||||||||||||||||und||
041 _aspa
100 _aQueralt, Maria Pilar
245 0 _aLeonor
264 _a[Madrid, España] :
_bCiudad de Libros,
_c[Fecha de publicación no identificada]
300 _a0 páginas
650 _aHistory of Europe
856 _uhttps://public.digitaliapublishing.com/a/81975
942 _cCF
999 _c104050
_d104050